|
|
|
|
| LEADER |
02055nam a22003737a 4500 |
| 001 |
28995 |
| 003 |
BD-DhAAL |
| 005 |
20220105144845.0 |
| 008 |
150318r20152012paua 001 0 eng |
| 999 |
|
|
|c 34088
|d 34088
|
| 020 |
|
|
|a 9789351293385
|
| 020 |
|
|
|a 9781451191776
|
| 040 |
|
|
|a BD-DhAAL
|c BD-DhAAL
|
| 041 |
|
|
|a eng
|
| 082 |
0 |
0 |
|2 23
|a 615.1076
|
| 245 |
0 |
0 |
|a Lippincott's illustrated reviews :
|b Pharmacology /
|c [edited by] Karen Whalen ; collaborating editors, Richard Finkel, Thomas A. Panavelil.
|
| 250 |
|
|
|a sixth edition
|
| 260 |
|
|
|a Philadelphia :
|b Wolters Kluwer,
|c c2012 [reprinted 2015]
|
| 300 |
|
|
|a xi, 670 pages :
|b color illustrations ;
|c 28 cm.
|
| 490 |
0 |
1 |
|a Lippincott's illustrated reviews
|
| 500 |
|
|
|a Includes index.
|
| 500 |
|
|
|a Preceded by Pharmacology / Michelle A. Clark [and others]. 5th ed. c2012.
|
| 650 |
|
0 |
|a Pharmacology
|v Examinations, questions, etc.
|9 9824
|
| 650 |
|
0 |
|a Pharmacology
|v Outlines, syllabi, etc.
|9 9825
|
| 650 |
|
0 |
|a Pharmacy.
|9 43827
|
| 700 |
1 |
|
|a Whalen, Karen,
|e editor.
|9 9826
|
| 700 |
1 |
|
|a Finkel, Richard
|e editor.
|q (Richard S.),
|9 9827
|
| 700 |
1 |
|
|a Panavelil, Thomas A.,
|e editor.
|9 9828
|
| 852 |
|
|
|a Ayesha Abed Library
|c General Stacks
|
| 942 |
|
|
|2 ddc
|c BK
|
| 952 |
|
|
|0 0
|1 0
|2 ddc
|4 0
|6 615_107600000000000_LIP
|7 0
|9 53183
|a BRACUL
|b BRACUL
|c GEN
|d 2015-03-18
|e Development Book Agency
|g 2200.00
|l 22
|m 279
|o 615.1076 LIP
|p 3010028995
|r 2025-04-22
|s 2025-03-25
|t 1
|w 2015-03-18
|y BK
|
| 952 |
|
|
|0 0
|1 0
|2 ddc
|4 0
|6 615_107600000000000_LIP
|7 0
|9 53184
|a BRACUL
|b BRACUL
|c GEN
|d 2015-03-18
|e Development Book Agency
|g 2200.00
|l 21
|m 263
|o 615.1076 LIP
|p 3010028996
|r 2025-07-20
|s 2025-03-11
|t 2
|w 2015-03-18
|y BK
|
| 952 |
|
|
|0 0
|1 0
|2 ddc
|4 0
|6 615_107600000000000_LIP
|7 0
|9 53185
|a PHR
|b PHR
|c GEN
|d 2015-03-18
|e Development Book Agency
|g 2200.00
|l 8
|m 59
|o 615.1076 LIP
|p 3010028997
|r 2017-04-09
|s 2017-04-02
|t 3
|w 2015-03-18
|y BK
|
| 952 |
|
|
|0 0
|1 4
|2 ddc
|4 1
|6 615_107600000000000_LIP
|7 0
|9 53186
|a BRACUL
|b BRACUL
|c GEN
|d 2015-03-18
|e Development Book Agency
|g 2200.00
|l 9
|m 112
|o 615.1076 LIP
|p 3010028998
|r 2018-12-09
|s 2018-07-14
|t 4
|w 2015-03-18
|y BK
|x Koha Inventory 2020
|